Técnicas básicas de la pintura al óleo / (Registro nro. 8307)

Detalles MARC
000 -LIDER
fixed length control field 01176nam a2200337 a 4500
001 - NÚMERO DE CONTROL
Identificador de número de control 000036043
003 - IDENTIFICACDOR DE NÚMERO DE CONTROL
control field DO-SdBNP
005 - DATE AND TIME OF LATEST TRANSACTION
control field 20171110125513.0
007 - CAMPOS FIJOS DE DESCRIPCIÓN FÍSICA
fixed length control field 000036043
008 - ELEMENTOS DE LONGITUD FIJA
fixed length control field 111124s20uu sp a 001 0 spa d
020 ## - ISBN
International Standard Book Number 848236023x (colección)
020 ## - ISBN
International Standard Book Number 8482360299
040 ## - FUENTE DE CATALOGACIÓN
Agencia que crea de manera original el registro BPMSU
Idioma de catalogación spa
Agencia que realiza la transcripción BPMSU
082 #4 - NÚMERO DE CLASIFICACIÓN DECIMAL DE DEWEY
Classification number 750
Item number T255o
245 00 - MENCIÓN DE TITULO
Título Técnicas básicas de la pintura al óleo /
Mención de responsabilidad editor Rachel Wolf, Greg Albert.
Subtítulo
260 ## - PUBLICACIÓN, DISTRIBUCIÓN, ETC. (PIE DE IMPRENTA)
Lugar de publicación, distribución, etc Barcelona :
Nombre del editor, distribuidor, etc. Idea Books,
Fecha de publicación, distribución, etc [200?].
300 ## - DESCRIPCIÓN FÍSICA
Extensión 122 p. :
Otros detalles físicos il. ;
Dimensiones 30 cm.
490 1# - MENCIÓN DE SERIES
Mención de serie Curso básico de técnicas de dibujo y pintura
500 ## - NOTA GENERAL
Nota general Incluye índice.
500 0# - NOTA GENERAL
Nota general Curso básico de técnicas de dibujo y pintura (título tomado del estuche )
505 0# - NOTA DE CONTENIDO
Información miscelánea Técnicas básicas de pintura al óleo --
Mención de responsabilidad Greg Albert,
-- Rachel Wolf.
650 #4 - ENCABEZAMIENTO DE MATERIA--TEMÁTICO
Término temático o nombre geográfico como elemento de entrada PINTURA EN ÓLEO
Subdivisión temática general TÉCNICA
700 12 - ASIENTO SECUNDARIO -- NOMBRE PERSONAL
Nombre personal Albert, Greg,
Mención de responsabilidad ed.
700 12 - ASIENTO SECUNDARIO -- NOMBRE PERSONAL
Nombre personal Wolf, Rachel,
Mención de responsabilidad ed.
830 #0 - ASIENTO SECUNDARIO DE SERIE--TÍTULO UNIFORME
Título uniforme Curso básico de técnicas de dibujo y pintura
910 ## - VALIDACIÓN
Validación Validado. Control de calidad MFF
930 #1 - EQUIVALENCE OR CROSS-REFERENCE-UNIFORM TITLE HEADING [LOCAL, CANADA]
Language of a work
Medium of performance for music
Field link and sequence number
Date of a work
Name of part/section of a work
Miscellaneous information
942 ## - ADDED ENTRY ELEMENTS (KOHA)
Source of classification or shelving scheme Dewey Decimal Classification
Koha item type Libros
945 ## - INFORMACIÓN DE PROCESAMIENTO LOCAL
Información de procesamiento local Invetariado extranjerov / 2017 VM
956 ## - LOCAL ELECTRONIC LOCATION AND ACCESS (OCLC)
Nombre de host VMATEO
Número de acceso 10
Información de compresión 20150929
Inicio de sesión BPMSU
Procesador de solicitud 00151
Existencias
Withdrawn status Lost status Source of classification or shelving scheme Damaged status Not for loan Collection code Home library Current library Date acquired Source of acquisition Total Checkouts Full call number Barcode Date last seen Price effective from Koha item type Copy number
    Dewey Decimal Classification     Colección General Biblioteca Pública Metropolitana Salomé Ureña Biblioteca Pública Metropolitana Salomé Ureña 09/29/2015 Compra   750 T255o BPMSU15090209 09/29/2015 09/29/2015 Libros  
    Dewey Decimal Classification     Colección General Biblioteca Pública Metropolitana Salomé Ureña Biblioteca Pública Metropolitana Salomé Ureña 09/05/2016 Compra   750 T255o BPMSU16090125 09/05/2016 09/05/2016 Libros e. 2
    Dewey Decimal Classification     Colección General Biblioteca Pública Metropolitana Salomé Ureña Biblioteca Pública Metropolitana Salomé Ureña 09/05/2016 Compra   750 T255o BPMSU16090126 09/05/2016 09/05/2016 Libros e. 3